Управление знаниями (Запись № 1432377)

Подробности
000 -МАРКЕР
контрольное поле 01855nam0a2200385 4500
001 - ИДЕНТИФИКАТОР ЗАПИСИ
контрольное поле RU\NLR\bibl\1444096
005 - ИДЕНТИФИКАТОР ВЕРСИИ
контрольное поле 20260405204340.0
010 ## - МЕЖДУНАРОДНЫЙ СТАНДАРТНЫЙ НОМЕР КНИГИ (ISBN)
Номер (ISBN) 978-5-8015-0245-8
Тираж 300
035 ## - ДРУГИЕ СИСТЕМНЫЕ НОМЕРА
Идентификатор записи (NLR Aleph) 001435942
100 ## - ДАННЫЕ ОБЩЕЙ ОБРАБОТКИ
Данные общей обработки 20090928d2009 |||y0rusy50 ca
101 0# - ЯЗЫК РЕСУРСА
Язык текста, звукозаписи и т.д. русский
-- английский
102 ## - СТРАНА ПУБЛИКАЦИИ ИЛИ ПРОИЗВОДСТВА
Страна публикации российская федерация
105 ## - ПОЛЕ КОДИРОВАННЫХ ДАННЫХ: ТЕКСТОВЫЕ МАТЕРИАЛЫ, МОНОГРАФИЧЕСКИЕ
Кодированные данные о монографическом текстовом документе a |||||||||
200 1# - ЗАГЛАВИЕ И СВЕДЕНИЯ ОБ ОТВЕТСТВЕННОСТИ
Основное заглавие Управление знаниями
Параллельное заглавие Knowledge management
Сведения, относящиеся к заглавию аннотированный библиографический указатель, (1993-2007)
Первые сведения об ответственности А.С. Крымская, Е.Ю. Гранкина
Последующие сведения об ответственности Б-ка Рос. акад. наук
Язык параллельного заглавия английский
210 ## - ПУБЛИКАЦИЯ, РАСПРОСТРАНЕНИЕ И ДР.
Место издания, распространения и т.д. Санкт-Петербург
Имя издателя, распространителя и т. д. Европейский Дом
Дата издания, распространения и т.д. 2009
215 ## - ФИЗИЧЕСКАЯ ХАРАКТЕРИСТИКА
Специфическое обозначение материала и объем 332 с.
Другие сведения о физической характеристике ил.
Размеры 21
300 ## - ОБЩИЕ ПРИМЕЧАНИЯ
Текст примечания Авт. также на англ. яз.: A.C. Krymskaya, E.Yu. Grankina
300 ## - ОБЩИЕ ПРИМЕЧАНИЯ
Текст примечания На 4-й с. обл. 1-й авт.: Крымская А.С. - к.п.н.
300 ## - ОБЩИЕ ПРИМЕЧАНИЯ
Текст примечания Часть текста на англ. яз.
320 ## - ПРИМЕЧАНИЯ О НАЛИЧИИ В ДОКУМЕНТЕ БИБЛИОГРАФИИ / УКАЗАТЕЛЯ
Текст примечания Имен. указ.: с. 298-312
510 1# - ПАРАЛЛЕЛЬНОЕ ЗАГЛАВИЕ
Связь между полями z22790
Параллельное заглавие Knowledge management
Язык заглавия английский
606 1# - НАИМЕНОВАНИЕ ТЕМЫ КАК ПРЕДМЕТ
Наименование темы Интеллектуальный капитал
Формальный подзаголовок Библиография аннотированная
Системный номер авторитетной/нормативной записи 2279556
Идентификатор авторитетной/нормативной записи RU\NLR\auth\661365827
686 ## - ИНДЕКСЫ ДРУГИХ КЛАССИФИКАЦИЙ
Индекс С550.56я1
700 #1 - ИМЯ ЛИЦА - ПЕРВИЧНАЯ ОТВЕТСТВЕННОСТЬ
Код отношения Автор
Материалы, к которым относится поле rus
Графика поля Кириллица
Начальный элемент ввода Крымская
Часть имени, кроме начального элемента ввода А. С.
Даты 1976-
Расширение инициалов личного имени Альбина Самиуловна
Идентификатор авторитетной/нормативной записи RU\NLR\AUTH\7791632
Системный номер авторитетной/нормативной записи 74559
701 #1 - ИМЯ ЛИЦА - АЛЬТЕРНАТИВНАЯ ОТВЕТСТВЕННОСТЬ
Код отношения Автор
Материалы, к которым относится поле rus
Графика поля Кириллица
Начальный элемент ввода Гранкина
Часть имени, кроме начального элемента ввода Е. Ю.
Расширение инициалов личного имени Елена Юрьевна
Идентификатор авторитетной/нормативной записи RU\NLR\auth\7791634
Системный номер авторитетной/нормативной записи 74561
790 #1 - ИМЯ ЛИЦА - АЛЬТЕРНАТИВНАЯ ФОРМА
Код отношения Автор
Материалы, к которым относится поле rus
Графика поля Латинская
Начальный элемент ввода Krymskaja
Часть имени, кроме начального элемента ввода А. S.
Даты 1976-
Расширение инициалов личного имени Аl'bina Samiulovna
Идентификатор авторитетной/нормативной записи RU\NLR\auth\7791633
Системный номер авторитетной/нормативной записи 74560
790 #1 - ИМЯ ЛИЦА - АЛЬТЕРНАТИВНАЯ ФОРМА
Код отношения Автор
Материалы, к которым относится поле eng
Графика поля Латинская
Начальный элемент ввода Grankina
Часть имени, кроме начального элемента ввода E. Ju.
Расширение инициалов личного имени Elena Jur'evna
Идентификатор авторитетной/нормативной записи RU\NLR\auth\7791635
Системный номер авторитетной/нормативной записи 74562
801 #0 - ИСТОЧНИК ЗАПИСИ
Страна российская федерация
Организация NLR
Дата составления 20090928
Правила каталогизации RCR
801 #1 - ИСТОЧНИК ЗАПИСИ
Страна российская федерация
Организация NLR
Дата составления 20090928
830 ## - ОБЩЕЕ ПРИМЕЧАНИЕ, СОСТАВЛЕННОЕ КАТАЛОГИЗАТОРОМ
Текст примечания авт. по кн.
942 ## - ДОПОЛНИТЕЛЬНЫЕ ЭЛЕМЕНТЫ ЗАПИСИ (АБИС)
Тип экземпляра АБИС Книга
980 ## - КОЛЛЕКЦИЯ
Название коллекции Национальная библиография
Экземпляры
Тип экземпляра Дата поступления Источник поступления Стоимость Библиотека постоянного хранения Библиотека текущего хранения Место хранения Шифр хранения Штрих-код Статус не для выдачи
Книга 26.11.2009 Покупка 291.00 РНБ (Московский) РНБ (Московский) Центральная справочная библиотека С 2009-2/697 1-1181859  
Книга 24.03.2010 Дар 150.00 РНБ (Московский) РНБ (Московский) Информационно-библиотечный отдел, фонд социально-экономической литературы, подручный   3132972  
Книга 12.01.2012 Дар 150.00 РНБ (Московский) РНБ (Московский) Центральная справочная библиотека С 2009-2/697 1-1181800